Oil pulling. (Record no. 100185)
[ view plain ]
| 000 -LEADER | |
|---|---|
| fixed length control field | 00579nam a2200205Ia 4500 |
| 003 - CONTROL NUMBER IDENTIFIER | |
| control field | OSt |
| 005 - DATE AND TIME OF LATEST TRANSACTION | |
| control field | 20240612154415.0 |
| 008 - FIXED-LENGTH DATA ELEMENTS--GENERAL INFORMATION | |
| fixed length control field | 210210b1996 xxu||||| |||| 00| 0 eng d |
| 040 ## - CATALOGING SOURCE | |
| Transcribing agency | AL |
| 041 ## - LANGUAGE CODE | |
| Language code of text/sound track or separate title | Kannada |
| 082 ## - DEWEY DECIMAL CLASSIFICATION NUMBER | |
| Classification number | 615.535K KAPA |
| 100 ## - MAIN ENTRY--PERSONAL NAME | |
| Personal name | KAPANIPATAYYA (N). |
| Dates associated with a name | ಕಪನಿಪತಯ್ಯ (ಎನ್) |
| 9 (RLIN) | 170323 |
| 245 ## - TITLE STATEMENT | |
| Title | Oil pulling. |
| Remainder of title | ಆಯಿಲ್ ಪುಲ್ಲಿಂಗ್ |
| 260 ## - PUBLICATION, DISTRIBUTION, ETC. | |
| Place of publication, distribution, etc. | Bengaluru |
| Name of publisher, distributor, etc. | Srashti Pablikeshans. |
| Date of publication, distribution, etc. | 1996 |
| 300 ## - PHYSICAL DESCRIPTION | |
| Extent | 64 |
| 650 ## - SUBJECT ADDED ENTRY--TOPICAL TERM | |
| Topical term or geographic name entry element | Oil Pulling |
| 9 (RLIN) | 170324 |
| 690 ## - LOCAL SUBJECT ADDED ENTRY--TOPICAL TERM (OCLC, RLIN) | |
| Topical term or geographic name as entry element | Pharmacology |
| 9 (RLIN) | 170325 |
| 906 ## - LOCAL DATA ELEMENT F, LDF (RLIN) | |
| a | 051519 |
| 942 ## - ADDED ENTRY ELEMENTS (KOHA) | |
| Source of classification or shelving scheme | Dewey Decimal Classification |
| Koha item type | Book |
| Withdrawn status | Lost status | Damaged status | Not for loan | Collection code | Home library | Current library | Shelving location | Date acquired | Source of acquisition | Cost, normal purchase price | Total Checkouts | Full call number | Barcode | Date last seen | Price effective from | Koha item type |
|---|---|---|---|---|---|---|---|---|---|---|---|---|---|---|---|---|
| St Aloysius Library | St Aloysius Library | 02/17/2021 | Athree Book Centre, Mangalore-01. | 10.00 | 615.535K KAPA | 051519 | 02/17/2021 | 02/17/2021 | Book |